000 00669nam a2200253Ia 4500
003 OSt
005 20221005084825.0
006 a|||||r|||| 00| 0
007 ta
008 221004b |||||||| |||| 00| 0 eng d
024 _a103663
037 _cTextual
040 _aCRL
_cCRL
_beng
041 _2eng
_aeng
082 _aB33,1:(CN2), M7
100 _aSachdev P L
_9501170
245 0 _aNonlinear diffusive waves
260 _aNew York
_bCambridge University Press
_c1987
300 _avii,244p
_ccm.
500 _aDSK Collections
650 _aMATHEMATICS
942 _hB33,1:(CN2), M7
_cTEXL
_2cc
999 _c993189
_d993189